Theoretical approaches to monetary integration (in the context of the current development in EMU)

Guardado en:
Detalles Bibliográficos
Autor principal: Muchová, Eva, 1961-
Otros Autores: Lisý, Ján
Formato: Capítulo de libro
Lenguaje:inglés
Materias:
Etiquetas: Agregar Etiqueta
Sin Etiquetas, Sea el primero en etiquetar este registro!

MARC

LEADER 00000nla$a2200000$$$4500
001 0124795
005 20240502083316.5
041 0 |a eng 
044 |a CZ 
245 1 0 |a Theoretical approaches to monetary integration (in the context of the current development in EMU)  |c Eva Muchová, Ján Lisý 
500 |a Abstrakt 
610 2 0 |a oblasti menové 
610 2 0 |a teória zón menových optimálnych 
610 2 0 |a konvergencia 
610 2 0 |a dlhy štátne 
610 2 0 |a eurozóna 
610 2 0 |a integrácia menová 
100 1 |a Muchová, Eva, 1961- 
700 1 |a Lisý, Ján